How to be a Supergardener / (Record no. 36495)
[ view plain ]
| 000 -LEADER | |
|---|---|
| fixed length control field | 00450nam a22001697a 4500 |
| 005 - DATE AND TIME OF LATEST TRANSACTION | |
| control field | 20240829124801.0 |
| 008 - FIXED-LENGTH DATA ELEMENTS--GENERAL INFORMATION | |
| fixed length control field | 240829b |||||||| |||| 00| 0 eng d |
| 020 ## - INTERNATIONAL STANDARD BOOK NUMBER | |
| ISBN | 978-0-706-372007 |
| 082 ## - DEWEY DECIMAL CLASSIFICATION NUMBER | |
| Item number | TIT-S |
| Classification number | 635 |
| 100 ## - MAIN ENTRY--AUTHOR | |
| Author Name | Titchmarsh, Alan |
| 245 ## - TITLE STATEMENT | |
| Title | How to be a Supergardener / |
| Statement of responsibility, etc. | by Alan Titchmarsh |
| 260 ## - PUBLICATION, DISTRIBUTION, ETC. | |
| Place of Publication | UK : |
| Name of publisher, distributor, etc. | BCA ; |
| Date of publication, distribution, etc. | 1993. |
| 300 ## - PHYSICAL DESCRIPTION | |
| Pages | 239 P. : |
| 500 ## - GENERAL NOTE | |
| General note | Include Index. |
| 650 ## - SUBJECT ADDED ENTRY--TOPICAL TERM | |
| Subject / Department | Agriculture |
| 300 ## - PHYSICAL DESCRIPTION | |
| -- | ill ; |
| -- | 26 cm. |
| 952 ## - LOCATION AND ITEM INFORMATION (KOHA) | |
| -- | 0 |
| -- | 0 |
| Lost status | Damaged status | Collection code | Permanent Location | Current Location | Shelving Location | Date acquired | Full Call Number | Accession No./Barcode | Date last seen | item type | Koha item type |
|---|---|---|---|---|---|---|---|---|---|---|---|
| Agriculture and Veterinary | Superior Information Resource Center (SIRC) Superior University- Main Campus | Superior Information Resource Center (SIRC) Superior University- Main Campus | Agriculture | 08/29/2024 | 635 TIT-H 1993 | 29380 | 08/29/2024 | BOOK | BOOK |
